Africa in crisis : (Record no. 131433)
[ view plain ]
| 000 -LEADER | |
|---|---|
| fixed length control field | 01126cam a2200337 a 4500 |
| 001 - CONTROL NUMBER | |
| control field | 4775347 |
| 003 - CONTROL NUMBER IDENTIFIER | |
| control field | ARRUPE |
| 005 - DATE AND TIME OF LATEST TRANSACTION | |
| control field | 20220517093156.0 |
| 008 - FIXED-LENGTH DATA ELEMENTS--GENERAL INFORMATION | |
| fixed length control field | 860402s1985 enka b 000 0 eng |
| 010 ## - LIBRARY OF CONGRESS CONTROL NUMBER | |
| LC control number | 86139442 |
| 020 ## - INTERNATIONAL STANDARD BOOK NUMBER | |
| International Standard Book Number | 0905347579 (pbk.) |
| 040 ## - CATALOGING SOURCE | |
| Original cataloging agency | DLC |
| Transcribing agency | DLC |
| Modifying agency | DLC |
| 043 ## - GEOGRAPHIC AREA CODE | |
| Geographic area code | f------ |
| -- | f-sa--- |
| 050 00 - LIBRARY OF CONGRESS CALL NUMBER | |
| Classification number | HC800.Z9 |
| Item number | F38 1985 |
| 082 00 - DEWEY DECIMAL CLASSIFICATION NUMBER | |
| Classification number | 363.8/096 |
| Edition number | 19 |
| 300 ## - PHYSICAL DESCRIPTION | |
| Other physical details | ill. ; |
| Dimensions | 21 cm. |
| 100 1# - MAIN ENTRY--PERSONAL NAME | |
| Personal name | Timberlake, Lloyd. |
| 9 (RLIN) | 46816 |
| 245 10 - TITLE STATEMENT | |
| Title | Africa in crisis : |
| Remainder of title | the causes, the cures of environmental bankruptcy / |
| Statement of responsibility, etc | by Lloyd Timberlake ; edited by Jon Tinker. |
| 260 ## - PUBLICATION, DISTRIBUTION, ETC. (IMPRINT) | |
| Place of publication, distribution, etc | London ; |
| Name of publisher, distributor, etc | Earthscan Publications Ltd., |
| Date of publication, distribution, etc | 1985. |
| 300 ## - PHYSICAL DESCRIPTION | |
| Extent | 232, [1] p. : |
| 490 0# - SERIES STATEMENT | |
| Series statement | An Earthscan paperback |
| 504 ## - BIBLIOGRAPHY, ETC. NOTE | |
| Bibliography, etc | Bibliography: p. 227-[233] |
| 650 #0 - SUBJECT ADDED ENTRY--TOPICAL TERM | |
| Topical term or geographic name as entry element | Famines |
| Geographic subdivision | Africa. |
| 9 (RLIN) | 46817 |
| 650 #0 - SUBJECT ADDED ENTRY--TOPICAL TERM | |
| Topical term or geographic name as entry element | Food supply |
| Geographic subdivision | Africa. |
| 9 (RLIN) | 27086 |
| 650 #0 - SUBJECT ADDED ENTRY--TOPICAL TERM | |
| Topical term or geographic name as entry element | Land use, Rural |
| Geographic subdivision | Africa. |
| 9 (RLIN) | 22152 |
| 650 #0 - SUBJECT ADDED ENTRY--TOPICAL TERM | |
| Topical term or geographic name as entry element | Peasants |
| Geographic subdivision | Africa. |
| 9 (RLIN) | 51606 |
| 650 #0 - SUBJECT ADDED ENTRY--TOPICAL TERM | |
| Topical term or geographic name as entry element | Apartheid |
| Geographic subdivision | South Africa. |
| 650 #0 - SUBJECT ADDED ENTRY--TOPICAL TERM | |
| Topical term or geographic name as entry element | Agriculture and state |
| Geographic subdivision | Africa. |
| 9 (RLIN) | 27085 |
| 700 1# - ADDED ENTRY--PERSONAL NAME | |
| Personal name | Tinker, Jon. |
| 9 (RLIN) | 51607 |
| 906 ## - LOCAL DATA ELEMENT F, LDF (RLIN) | |
| a | 7 |
| b | cbc |
| c | orignew |
| d | 2 |
| e | ncip |
| f | 19 |
| g | y-gencatlg |
| 942 ## - ADDED ENTRY ELEMENTS (KOHA) | |
| Source of classification or shelving scheme | Library of Congress Classification |
| Koha item type | Monograph ( Printed materials) |
| Withdrawn status | Lost status | Source of classification or shelving scheme | Damaged status | Not for loan | Collection code | Home library | Current library | Shelving location | Date acquired | Total Checkouts | Full call number | Barcode | Date last seen | Price effective from | Koha item type |
|---|---|---|---|---|---|---|---|---|---|---|---|---|---|---|---|
| Library of Congress Classification | Main Collection | ARRUPE LIBRARY | ARRUPE LIBRARY | Main Collection | 17/05/2022 | HC800.Z9 F38 1985 | 46600008536 | 17/05/2022 | 17/05/2022 | Monograph ( Printed materials) |